Imiona żeńskie 100 najpopularniejszych w rejestrze PESEL stan na 2024 - Statystyki

Ogólne statystyki
  • Ten quiz został rozwiązany 536 razy
  • Średni wynik to 62 z 100
Statystyki odpowiedzi
nr imię liczba % Poprawnych
1 Anna 1 072 616
97%
2 Katarzyna 604 753
91%
3 Maria 585 573
91%
83 Mariia 57 362
91%
12 Aleksandra 389 719
90%
17 Julia 307 602
89%
16 Natalia 317 133
87%
69 Nataliia 81 158
87%
14 Zofia 369 226
87%
30 Zuzanna 224 033
87%
6 Barbara 479 955
86%
10 Joanna 404 003
85%
29 Paulina 224 066
85%
35 Wiktoria 205 558
85%
5 Agnieszka 547 485
84%
19 Karolina 294 334
84%
8 Magdalena 434 573
84%
48 Weronika 151 315
84%
7 Ewa 476 100
82%
42 Patrycja 169 445
81%
4 Małgorzata 577 214
80%
13 Monika 377 945
80%
45 Oliwia 159 830
80%
28 Grażyna 228 174
78%
31 Hanna 222 618
78%
23 Alicja 252 802
77%
24 Halina 238 059
77%
20 Marta 289 773
77%
65 Daria 87 225
76%
38 Urszula 184 392
76%
55 Amelia 124 228
74%
53 Lena 129 748
74%
41 Maja 179 730
74%
39 Agata 184 049
73%
26 Iwona 232 538
73%
60 Kamila 111 270
73%
9 Elżbieta 415 199
72%
33 Justyna 216 718
72%
21 Beata 280 043
71%
46 Izabela 159 409
71%
37 Renata 187 830
71%
15 Teresa 327 952
71%
50 Martyna 142 405
70%
18 Danuta 296 760
69%
44 Emilia 161 496
69%
43 Helena 163 805
69%
40 Sylwia 182 453
69%
49 Ewelina 148 205
68%
51 Klaudia 138 825
68%
56 Dominika 122 862
67%
11 Krystyna 403 874
67%
57 Kinga 120 929
65%
22 Dorota 268 289
64%
52 Gabriela 134 547
63%
34 Irena 209 399
63%
72 Nikola 77 645
63%
61 Stanisława 110 249
62%
27 Jadwiga 231 844
61%
36 Bożena 198 786
60%
32 Janina 217 197
60%
94 Kornelia 50 889
59%
96 Łucja 48 602
59%
81 Olga 61 187
59%
47 Aneta 151 669
58%
73 Milena 76 609
58%
78 Antonina 69 163
57%
86 Ilona 55 045
57%
25 Jolanta 236 965
57%
75 Laura 73 662
57%
84 Michalina 56 621
57%
58 Marianna 116 193
56%
100 Pola 47 272
56%
89 Sandra 54 362
54%
54 Marzena 129 430
53%
92 Nadia 53 066
52%
62 Wiesława 105 001
50%
63 Alina 103 334
49%
59 Edyta 114 004
49%
76 Wioletta 72 516
49%
67 Lidia 82 647
47%
64 Wanda 93 097
47%
68 Mariola 81 972
46%
98 Nina 47 799
46%
70 Lucyna 79 828
44%
97 Marlena 48 545
44%
79 Angelika 64 906
41%
87 Bogumiła 54 726
40%
77 Mirosława 69 863
40%
95 Genowefa 49 147
38%
99 Liliana 47 291
37%
88 Kazimiera 54 512
33%
82 Oksana 59 347
9%
71 Olena 78 551
7%
93 Viktoriia 52 563
6%
90 Anastasiia 53 873
5%
66 Tetiana 86 019
5%
80 Olha 61 285
4%
85 Svitlana 56 280
4%
91 Yuliia 53 833
4%
74 Iryna 75 203
2%
Nie znaleziono quizów pasujących do podanych kryteriów
Rozkład punktacji
Procent ludzi z każdym wynikiem
Percentyl według liczby udzielonych odpowiedzi
Twoja historia wyników
Nie rozwiązałeś tego quizu